000 00346nam a2200133Ia 4500
008 240624s9999 xx 000 0 und d
041 _aeng
082 _a005.74 PRA
100 _aPRABHU C S R
245 _aDATA WAREHOUSING CONCEPTS TECHNIQUES PRO
250 _a(3rd ed.)
260 _c2009
_aNew Delhi
_bPrentice-Hall of India
365 _cRS
_b30
999 _c14109
_d14109